| 000 | 00657nam a2200181Ia 4500 | ||
|---|---|---|---|
| 008 | 090630s9999 xx 000 0 und d | ||
| 082 | _b12630 | ||
| 100 | _aभागवत संध्या. | ||
| 245 |
_aकिती जमीन हवी ?. _cभागवत संध्या. |
||
| 260 |
_bसाहित्य सेवा - औरंगाबाद. _c1993 |
||
| 300 | _a32 | ||
| 600 | _aभागवत संध्या. | ||
| 630 | _aकिती जमीन हवी ?. | ||
| 655 | _aबालवाङमय. | ||
| 700 | _aभागवत संध्या. | ||
| 730 | _aकिती जमीन हवी ?. | ||
| 942 | _cBOOK | ||
| 999 |
_c264486 _d264486 |
||